Space Base Europe: (Record no. 5407)

MARC details
000 -LEADER
fixed length control field 00610nam a22001937a 4500
003 - CONTROL NUMBER IDENTIFIER
control field OSt
005 - DATE AND TIME OF LATEST TRANSACTION
control field 20170213125229.0
008 - FIXED-LENGTH DATA ELEMENTS--GENERAL INFORMATION
fixed length control field 161117b xxu||||| |||| 00| 0 eng d
020 ## - INTERNATIONAL STANDARD BOOK NUMBER
International Standard Book Number 9290925833
040 ## - CATALOGING SOURCE
Transcribing agency DDC.
082 ## - DEWEY DECIMAL CLASSIFICATION NUMBER
Classification number 520 REI 2002;
100 ## - MAIN ENTRY--PERSONAL NAME
Personal name Reibaldi,Giuseppe;Caprara,Giovanni;
9 (RLIN) 11308
245 ## - TITLE STATEMENT
Title Space Base Europe:
Remainder of title How the international space station is used to improve life on earth:
260 ## - PUBLICATION, DISTRIBUTION, ETC. (IMPRINT)
Place of publication, distribution, etc. Nertherlands.
Name of publisher, distributor, etc. Eessa European Space Agency,
Date of publication, distribution, etc. 2002.
300 ## - PHYSICAL DESCRIPTION
Extent 221p;col,ill;25cm.
504 ## - BIBLIOGRAPHY, ETC. NOTE
Bibliography, etc includes acronyms ,Glossary and index.
650 ## - SUBJECT ADDED ENTRY--TOPICAL TERM
Topical term or geographic name as entry element Physics,
9 (RLIN) 809
942 ## - ADDED ENTRY ELEMENTS (KOHA)
Source of classification or shelving scheme Dewey Decimal Classification
Koha item type Open Shelf
Holdings
Withdrawn status Lost status Source of classification or shelving scheme Damaged status Not for loan Home library Current library Date acquired Source of acquisition Inventory number Total Checkouts Full call number Barcode Date last seen Price effective from Koha item type
    Dewey Decimal Classification     MUST Main Library MUST Main Library 17/11/2016   08/31035   520 REI 2002; 2016-4954 17/11/2016 17/11/2016 Open Shelf
    Dewey Decimal Classification     MUST Main Library MUST Main Library 13/02/2017   08/31032   520 REI 2002; 2017-0149 13/02/2017 13/02/2017 Open Shelf
    Dewey Decimal Classification     MUST Main Library MUST Main Library 13/02/2017   08/31034   520 REI 2002; 2017-0150 13/02/2017 13/02/2017 Open Shelf
    Dewey Decimal Classification     MUST Main Library MUST Main Library 13/02/2017   08/31029   520 REI 2002; 2017-0156 13/02/2017 13/02/2017 Open Shelf
    Dewey Decimal Classification     MUST Main Library MUST Main Library 15/02/2017   08/31031   520 REI 2002; 2017-0208 15/02/2017 15/02/2017 Open Shelf
    Dewey Decimal Classification     MUST Main Library MUST Main Library 15/02/2017   08/31033   520 REI 2002; 2017-0217 15/02/2017 15/02/2017 Open Shelf